Statistics for Countries of Europe - North to South

Click here to take the quiz!

General Stats

  • This quiz has been taken 253 times
  • The average score is 32 of 45

Answer Stats

Answer % Correct
Russia
100%
Norway
98%
Finland
98%
Sweden
98%
Iceland
97%
United Kingdom
97%
Estonia
95%
Denmark
95%
Latvia
94%
Lithuania
93%
Germany
90%
Ireland
89%
Belarus
88%
Poland
87%
Netherlands
86%
Belgium
83%
Ukraine
80%
France
79%
Czech Republic
75%
Luxembourg
73%
Slovakia
72%
Austria
72%
Hungary
68%
Switzerland
66%
Italy
65%
Liechtenstein
64%
Croatia
62%
Slovenia
61%
Romania
60%
Serbia
60%
Moldova
59%
Malta
59%
Bosnia and Herzegovina
54%
Greece
54%
Spain
51%
Bulgaria
48%
San Marino
47%
Montenegro
44%
Kosovo
44%
Monaco
43%
Andorra
43%
Albania
43%
Macedonia
42%
Portugal
42%
Vatican City
40%

Score Distribution

Percentile by Number Answered

Percent of People with Each Score

Your Score History

You have not taken this quiz